000 00664nam a2200217 a 4500
999 _c2700
_d2700
001 2700
003 BD-JhCC
005 20200328134008.0
008 171106s2005 bg |||| ||a| 000 0 ben d
035 _a(BD-JhCC)2700
040 _aBD-JhCC
_dBD-JhCC
041 _aben
082 _a297.122
_bCHI 2005
100 _aচিশতী, সদর উদ্দিন আহমদ
245 _aকোরান দর্শন /
_cসদর উদ্দিন আহমদ চিশতী,
260 _aঢাকা :
_bরামন পাবলিশার্স,
_c2005
300 _a416 p. :
_c24 cm.
650 _aQuran
942 _2ddc
_cBK
_04